Detalles MARC
| 000 -LEADER |
| campo de control de longitud fija |
03697nam a2200493 a 4500 |
| 003 - IDENTIFICADOR DE NÚMERO DE CONTROL |
| campo de control |
PE-LiUPU |
| 005 - FECHA Y HORA DE LA ÚLTIMA TRANSACCIÓN |
| campo de control |
20250731173602.0 |
| 008 - DATOS DE LONGITUD FIJA--INFORMACIÓN GENERAL |
| campo de control de longitud fija |
220511s2021 pe a gr 00010 spa |
| 020 ## - NÚMERO INTERNACIONAL ESTÁNDAR DEL LIBRO |
| Número Internacional Estándar del Libro |
9786120071380 |
| 040 ## - FUENTE DE CATALOGACIÓN |
| Centro catalogador/agencia de origen |
pelibn |
| Lengua de catalogación |
spa |
| Normas de descripción |
rda |
| Centro/agencia transcriptor |
PE-LiUPU |
| Centro/agencia modificador |
PE-LiUPU |
| 082 14 - NÚMERO DE LA CLASIFICACIÓN DECIMAL DEWEY |
| Número de clasificación |
269 |
| Cutter |
Q8a |
| Número de edición |
23 |
| 100 1# - ENTRADA PRINCIPAL--NOMBRE DE PERSONA |
| Nombre de persona |
Quispe Tuco, Rómulo, |
| Término indicativo de función/relación |
autor, |
| -- |
editor. |
| 245 13 - MENCIÓN DEL TÍTULO |
| Título |
El avivamiento espiritual en el Perú / |
| Mención de responsabilidad, etc. |
Rómulo Quispe Tuco. |
| 250 ## - MENCION DE EDICION |
| Mención de edición |
Primera edición. |
| 264 31 - PRODUCCIÓN, PUBLICACIÓN, DISTRIBUCIÓN, FABRICACIÓN Y COPYRIGHT |
| Producción, publicación, distribución, fabricación y copyright |
Lima : |
| Nombre del de productor, editor, distribuidor, fabricante |
[Rómulo Quispe Tuco], |
| Fecha de producción, publicación, distribución, fabricación o copyright |
2021. |
| 264 33 - PRODUCCIÓN, PUBLICACIÓN, DISTRIBUCIÓN, FABRICACIÓN Y COPYRIGHT |
| Producción, publicación, distribución, fabricación y copyright |
Lima : |
| Nombre del de productor, editor, distribuidor, fabricante |
Imprenta Condori Ortega. |
| 300 ## - DESCRIPCIÓN FÍSICA |
| Extensión |
145 páginas : |
| Otras características físicas |
ilustraciones ; |
| Dimensiones |
21 cmentímetros. |
| 336 ## - TIPO DE CONTENIDO |
| Término de tipo de contenido |
Texto |
| Fuente |
rdacontent |
| 337 ## - TIPO DE MEDIO |
| Nombre/término del tipo de medio |
sin mediación |
| Fuente |
rdamedia |
| 338 ## - TIPO DE SOPORTE |
| Nombre/término del tipo de soporte |
volumen |
| Fuente |
rdacarrier |
| 500 ## - NOTA GENERAL |
| Nota general |
Glosario: páginas 142-145. |
| 504 ## - NOTA DE BIBLIOGRAFÍA, ETC. |
| Nota de bibliografía, etc. |
Bibliografía: páginas 137-141. |
| 505 ## - NOTA DE CONTENIDO CON FORMATO |
| Nota de contenido con formato |
GENESIS DEL AVIVAMIENTO ESPIRITUAL --- EL AVIVAMIENTO ESPIRITUAL O REVIVAL ---- Primera hipótesis -- La creación -- El éxodo -- La iglesia -- La nueva Jerusalén -- EL AVIVAMIENTO EN PROSPECTIVA -- ISRAEL PARADIGMA DE AVIVAMIENTO -- Cuatro principios ---- Primera condición: Oración -- Segunda condición: Vida piadosa dirigida por los dones espirituales -- Tercera condición: Discipulado Claves del avivamiento -- Avivados por la palabra Avivados por la teología -- Avivados por la piedad, conducido por los dones espirituales Avivados por la santidad -- Dimensión diaconal -- Dimensión eclesial -- Dimensiones del Evangelismo integral -- Avivados para discipular -- Avivados para la misión urbana -- Las tribus urbanas -- Avivados por amor -- Metáfora del avivamiento -- Avivamiento en el santuario -- Primer momento, la presentación del Decálogo -- Segundo momento, la inauguración del primer templo -- Tercer momento, la lectura de la ley después de la reconstrucción del templo -- Avivamiento según Joel 2: 18-32 -- Lluvia temprana -- La lluvia tardía -- El avivamiento mesiánico Isaías 42: 1-6 -- La restauración de Israel Ezequiel -- Escuela de oración -- Ayuno de Moisés -- Ayuno de Elías -- Ayuno de Esdras -- Ayuno de Nehemías -- Ayuno de Esther -- Ayuno de Daniel -- Ayuno de la iglesia primitiva -- Ayuno de Pablo -- El derramamiento del aceite de la unción -- La bendición de la primogenitura -- Avivamiento androginia -- Carnaval homosexual -- AVIVAMIENTO ESPIRITUAL EN EL PERÚ1980-2021 -- AVIVAMIENTO ESPIRITUAL -- Segunda hipótesis -- Violencia terrorista -- Transición política -- Oración por la nación -- Antecedente -- El centralismo limeño -- Fue en 1933 templo en el Rímac -- Fue en 1939 templo en la Victoria -- Fue en 1958 templo evangélico en Lima cercado -- Fue en 1970 templo en el Callao -- Montañas de oración -- Plan operativo nacional -- Avivamiento en el centro penitenciario -- Dos entrevistas -- Informe: encuesta de la población penal INEI, 2016 -- Lo negativo de la iglesia emergente -- Arte -- Ideología – Cultura. |
| 526 ## - NOTA DE INFORMACIÓN SOBRE EL PROGRAMA DE ESTUDIO |
| Nombre del programa |
Segunda Especialidad En Profecías Bíblicas |
| 526 ## - NOTA DE INFORMACIÓN SOBRE EL PROGRAMA DE ESTUDIO |
| Nombre del programa |
Segunda Especialidad En Nuevo Testamento |
| 526 ## - NOTA DE INFORMACIÓN SOBRE EL PROGRAMA DE ESTUDIO |
| Nombre del programa |
Segunda Especialidad En Antiguo Testamento |
| 526 ## - NOTA DE INFORMACIÓN SOBRE EL PROGRAMA DE ESTUDIO |
| Nombre del programa |
Segunda Especialidad En Estudios Adventistas |
| 526 ## - NOTA DE INFORMACIÓN SOBRE EL PROGRAMA DE ESTUDIO |
| Nombre del programa |
Doctorado en teología |
| 526 ## - NOTA DE INFORMACIÓN SOBRE EL PROGRAMA DE ESTUDIO |
| Nombre del programa |
Maestría en teología histórica |
| 526 ## - NOTA DE INFORMACIÓN SOBRE EL PROGRAMA DE ESTUDIO |
| Nombre del programa |
Maestría en teología bíblica |
| 526 ## - NOTA DE INFORMACIÓN SOBRE EL PROGRAMA DE ESTUDIO |
| Nombre del programa |
Maestría en teología |
| 526 ## - NOTA DE INFORMACIÓN SOBRE EL PROGRAMA DE ESTUDIO |
| Nombre del programa |
Maestría en misionología |
| 526 ## - NOTA DE INFORMACIÓN SOBRE EL PROGRAMA DE ESTUDIO |
| Nombre del programa |
Maestría en liderazgo eclesiástico |
| 526 ## - NOTA DE INFORMACIÓN SOBRE EL PROGRAMA DE ESTUDIO |
| Nombre del programa |
Teología |
| 650 18 - PUNTO DE ACCESO ADICIONAL DE MATERIA--TÉRMINO DE MATERIA |
| Término de materia o nombre geográfico como elemento de entrada |
Avivamiento (Religión) |
| 650 28 - PUNTO DE ACCESO ADICIONAL DE MATERIA--TÉRMINO DE MATERIA |
| Término de materia o nombre geográfico como elemento de entrada |
Espiritualidad |
| Subdivisión general |
Cristianismo. |
| 650 28 - PUNTO DE ACCESO ADICIONAL DE MATERIA--TÉRMINO DE MATERIA |
| Término de materia o nombre geográfico como elemento de entrada |
Pentecostalismo. |
| 942 ## - ELEMENTOS DE ENTRADA SECUNDARIOS (KOHA) |
| Fuente del sistema de clasificación o colocación |
Clasificación Decimal Dewey |
| Tipo de ítem Koha |
Libros físicos |
| Suprimir en OPAC |
No |
| 980 ## - EQUIVALENCIA O REFERENCIA-CRUZADA-MENCIÓN DE SERIE--NOMBRE DE PERSONA/TÍTULO [LOCAL, CANADÁ] |
| ID del usuario creador del registro |
18226 |
| Nombre del creador del registro |
Jaime Vilcazán Jefe de Análisis Documental |
| ID del último usuario que modificó el registro |
1 |
| Nombre del último usuario que modificó el registro |
ALBERTO SANCHEZ Responsable de Automatización |